[Event "IND-ch U11 Girls 30th"]
[Site "India"]
[Date "2016.07.01"]
[Round "6"]
[White "Darsana, MS."]
[Black "Sairupa, P."]
[Result "1-0"]
[WhiteElo "1251"]
[BlackElo "1148"]
[PlyCount "117"]
[EventDate "2016.06.28"]
[EventType "swiss"]
[EventRounds "11"]
[EventCountry "IND"]
[SourceTitle "CBM 173 Extra"]
[Source "ChessBase"]
[SourceDate "2016.08.29"]
[SourceVersion "1"]
[SourceVersionDate "2016.08.29"]
[SourceQuality "1"]

1. e4 e5 2. Nf3 Nc6 3. Nc3 Nf6 4. d4 exd4 5. Nxd4 Bb4 6. Nxc6 dxc6 7. Qxd8+ Kxd8 8. Bd3 Be6 9. Bg5 Kc8 10. 0-0 h6 11. Be3 Ng4 12. Bd4 Nf6 13. a3 Be7 14. f4 Bd7 15. Bc4 Be6 16. Bxe6+ fxe6 17. Rf3 b6 18. e5 Nd5 19. Ne2 b5 20. Rg3 Rg8 21. Rf1 Kb7 22. Rg6 c5 23. Bf2 Raf8 24. Rxe6 Rf7 25. Rd1 c6 26. Rg6 Kc7 27. Rg3 Nxf4 28. Nxf4 Rxf4 29. Rgd3 Rd8 30. Rxd8 Bxd8 31. Bxc5 Rc4 32. Bd6+ Kc8 33. c3 Bb6+ 34. Kh1 Bc5 35. h3 Bxd6 36. Rxd6 Kc7 37. Rg6 Re4 38. Rxg7+ Kd8 39. Rxa7 Rxe5 40. Rh7 Re6 41. Rf7 Rd6 42. Rf2 Rg6 43. Kh2 Ke7 44. g4 Ke6 45. Kg3 Kd6 46. h4 c5 47. Rf5 Kc6 48. g5 hxg5 49. hxg5 Rg7 50. Kf4 Kd6 51. Rf6+ Kd5 52. b3 Re7 53. Rf5+ Kd6 54. g6 Rg7 55. Kg5 Kc6 56. Kh6 Rg8 57. g7 Ra8 58. Rf8 Rxf8 59. gxf8Q 1-0